000 00352nam a22001337a 4500
020 _a0000000301312
040 _cNUST
082 _a297 MUH
100 _aMuhammad Asad
_988710
245 _aThe Road To Mecca
260 _aNEW YORK:
_bSh Muhammad Ashraf,
_c1985.
650 _a Muslim converts. Muslim converts from Judaism.
_988912
942 _2ddc
_cBK
999 _c587745
_d587745